00334nam a22001217a 4500003000400000005001700004008004100021020001800062040000800080082002000088100001800108245008600126OSt20250710191615.0250710b |||||||| |||| 00| 0 eng d a9781598696455 cacl a332.0240145 BLI aBlitz, Dennis aSave Smart, Earn More b: the new rules for retirement investingcby Dennis Blitz